000 005240000a22001810004500
003 MACL
005 20151211160538.0
008 151211b xxu||||| |||| 00| 0 eng d
040 _aMACL
_cMACL
041 _aHindi
082 _a741.642
100 _aमीनाक्षी बेरी
_919880
245 _aश्रेष्‍ठ लोक कथाएं
260 _bतनमय बुक्‍स
_c2009
350 _a180
650 _aचिल्‍डन बुक
_9314
942 _cHIN
_k741.642/ BER
_2ddc
999 _c45005
_d45005